The Economic History of Eastern Europe 1919-1975 / Volume II: Interwar Policy the War and Reconstruction (Record no. 2662)
[ view plain ]
| 000 -LEADER | |
|---|---|
| fixed length control field | 01269cam a22002054a 4500 |
| 005 - ΗΜΕΡΟΜΗΝΙΑ ΚΑΙ ΩΡΑ ΤΕΛΕΥΤΑΙΑΣ ΕΝΗΜΕΡΩΣΗΣ | |
| Πεδίο ελέγχου | 20250605164049.0 |
| 008 - FIXED-LENGTH DATA ELEMENTS--GENERAL INFORMATION | |
| Πεδίο ελέγχου σταθερού μήκους | 250528s ||||||||||||||||||||||||d |
| 035 ## - SYSTEM CONTROL NUMBER | |
| System control number | 17232 |
| 020 ## - ISBN | |
| ISBN | 198284454 |
| 040 ## - ΠΗΓΗ ΚΑΤΑΛΟΓΟΓΡΑΦΗΣΗΣ | |
| Φορέας πρωτότυπης καταλογογράφησης | MC Athens Campus Library |
| Γλώσσα καταλογογράφησης | Ελληνικά, Μοντέρνα (1453-) |
| Modifying agency | MC Athens Campus Library |
| Κανόνες περιγραφικής καταλογογράφησης | AACR2 |
| 245 1# - ΤΙΤΛΟΣ ΚΑΙ ΔΗΛΩΣΗ ΥΠΕΥΘΥΝΟΤΗΤΑΣ | |
| Τίτλος | The Economic History of Eastern Europe 1919-1975 / Volume II: Interwar Policy the War and Reconstruction |
| 260 ## - PUBLICATION, DISTRIBUTION, ETC. | |
| Name of publisher, distributor, etc. | Clarendon Press, |
| Date of publication, distribution, etc. | 1986 |
| 300 ## - PHYSICAL DESCRIPTION | |
| Extent | 670 |
| 520 ## - SUMMARY, ETC. | |
| Summary, etc. | Notes, List of Maps, Interwar Economic Policies, The Role of the State in Industry and Banking and Trade, Military Budgets and the Armaments Industry, Public Finance, International Credit and Finance, The Second World War, The German Economic Programme in Eastern Europe, Territorial Changes and Population Movements and Labour Supplies, Changes in Property Relationships and Financial Arrangements, Agriculture and Food, Energy and Materials, The Development of Industry, The Bohemian-Moravian War Economy, Postwar Reconstruction, The Collapse of German Hegemony and Its Economic Consequences, International Finance and Monetary Reforms, Postwar Reconstruction and Socio-Economic Transformation, Index. |
| 700 1# - ΠΡΟΣΘΕΤΗ ΑΝΑΓΡΑΦΗ--ΦΥΣΙΚΟ ΠΡΟΣΩΠΟ | |
| Personal name | Kaser C. M |
| 9 (RLIN) | 3393 |
| 700 1# - ΠΡΟΣΘΕΤΗ ΑΝΑΓΡΑΦΗ--ΦΥΣΙΚΟ ΠΡΟΣΩΠΟ | |
| Personal name | Radice A. E |
| 9 (RLIN) | 3394 |
| 942 ## - ADDED ENTRY ELEMENTS (KOHA) | |
| Koha item type | Books |
| Τύπος τεκμηρίου | Βιβλιοθήκη | Τρέχουσα τοποθεσία | Barcode | Αριθμός εισαγωγής | Ημερομηνία απόκτησης | Ταξιθετικό σύμβολο | Αριθμός αντιτύπου | Κατάσταση απόσυρσης | Κατάσταση χαμένου | Κατάσταση κατεστραμμένου | Μη δανεισμός | Σύνολο δανεισμών | Ημερομηνία τελευταίας εμφάνισης | Η τιμή ισχύει από |
|---|---|---|---|---|---|---|---|---|---|---|---|---|---|---|
| Books | MC Athens Campus Library | MC Athens Campus Library | 9780000026613 | 8977 | 05/06/2025 | 330.947 KAS V.II | 1 | 05/06/2025 | 05/06/2025 |